Cities in the United Kingdom by Proximity - Statistics

General Stats
  • This quiz has been taken 48,743 times
    46,646 since last reset
  • The average score is 52 of 75
Answers on the Map
Answers color-coded by a green-red scale on the quiz's map according to % correct below.
 
Answer Stats
City % Correct
Oxford
94%
Milton Keynes
93%
Winchester
93%
Brighton & Hove
92%
Cambridge
92%
Canterbury
92%
Chelmsford
92%
Chichester
92%
City of London
92%
Colchester
92%
Southend-on-Sea
92%
St Albans
92%
Westminster
92%
Stoke-on-Trent
90%
Manchester
88%
Salford
88%
Bradford
87%
Wrexham
86%
Derby
85%
Nottingham
85%
Preston
85%
Ripon
85%
Lancaster
84%
Doncaster
82%
Leeds
82%
Sheffield
82%
Wakefield
82%
Chester
81%
Dunfermline
81%
Edinburgh
81%
Lichfield
81%
Perth
81%
Stirling
81%
Wolverhampton
81%
Glasgow
80%
Hereford
80%
York
80%
Gloucester
79%
Liverpool
79%
St Asaph
79%
Bristol
72%
Bath
71%
Cardiff
71%
Dundee
71%
Wells
71%
Newport
70%
Armagh
68%
Belfast
68%
Lisburn
68%
Londonderry
68%
Swansea
67%
Newry
66%
Worcester
65%
Exeter
61%
Leicester
61%
Birmingham
57%
Coventry
56%
Lincoln
56%
Durham
53%
Kingston upon Hull
51%
Salisbury
48%
Bangor
47%
Carlisle
44%
Newcastle upon Tyne
44%
Sunderland
44%
Aberdeen
42%
Southampton
41%
Portsmouth
32%
Plymouth
31%
Inverness
30%
Truro
25%
Ely
23%
Peterborough
22%
Norwich
19%
St David's and the Cathedral Close
18%
No matching quizzes found
Score Distribution
Percent of People with Each Score
Percentile by Number Answered
Your Score History
You have not taken this quiz since the last reset